| 000 | 01110nam a2200313 a 4500 | ||
|---|---|---|---|
| 001 | 20380 | ||
| 003 | BD-RjUL | ||
| 005 | 20211209000546.0 | ||
| 008 | 140227r19481938enk b 00110 eng d | ||
| 035 | _a(BD-RjUL)20442 | ||
| 040 |
_dBD-RjUL _aANL _beng _cANL |
||
| 041 | _aeng | ||
| 082 | 0 | 0 |
_a261.85 _bTAR 1948 |
| 100 | 1 | 0 |
_aTawney, R. H. _q(Richard Henry), _d1880-1962. _96154 |
| 245 | 1 | 0 |
_aReligion and the rise of capitalism : _ba historical study / _cby R.H. Tawney ; with a prefatory note by Charles Gore. |
| 260 | 0 |
_aHarmondsworth, England : _bPenguin Books, _c1938 [Reprinted 1948]. |
|
| 300 |
_a234 p ; _c21 cm. |
||
| 490 | 1 |
_aPelican books ; _vA23 |
|
| 504 | _aIncludes bibliographical references and index. | ||
| 650 | 0 |
_aReligious thought _xHistory. _962701 |
|
| 650 | 0 |
_aChristianity and economics _xHistory. _962826 |
|
| 650 | 0 |
_aCapitalism. _962827 |
|
| 650 | 0 |
_aCapitalism _xReligious aspects _xProtestant churches. _962828 |
|
| 651 | 0 |
_aGreat Britain _xSocial conditions. _962829 |
|
| 830 | 0 |
_vA23. _962842 |
|
| 830 | 0 |
_aPelican book ; _962843 |
|
| 942 |
_2ddc _cBK |
||
| 999 |
_c20380 _d20380 |
||